Missing Word: Movies at the Lodge Quiz Stats

 Plays Quiz Updated Oct 29, 2015

Score 0/16 Timer 03:00
1 Play Today
Film Missing Word % Correct
Home _____ 2: Lost in New YorkAlone
99.6%
Some Like It ___Hot
97%
____ in TranslationLost
96.5%
I Still Know What You Did Last ______Summer
92.7%
Forgetting _____ MarshallSarah
90.1%
___ LargoKey
86.5%
The Hotel ___ HampshireNew
86%
Maid in _________Manhattan
85.4%
Film Missing Word % Correct
The Grand ________ HotelBudapest
76.2%
Barton ____Fink
62.9%
The ____ Exotic Marigold HotelBest
60.1%
_____ HotelGrand
48.4%
Hotel ______Rwanda
46.8%
Jamaica ___Inn
36.9%
_____ in VeniceDeath
25.7%
____ RoomsFour
24.2%

Today's Daily Dose

Missing Word
Directed by Peter

Word Ladder
Blink-182

Quick Pick
Eagles Songs

Get the Picture
NFC West Profiles

You're not logged in!

Compare scores with friends on all Sporcle quizzes.
OR
Log In

Show Comments

Extras

Top Quizzes Today


Score Distribution

Your Account Isn't Verified!

In order to create a playlist on Sporcle, you need to verify the email address you used during registration. Go to your Sporcle Settings to finish the process.

Report this User

Report this user for behavior that violates our Community Guidelines.

Details: